01157cam a22003257i 450000100090000000300040000900500170001300800410003001000170007102000180008803700530010604000280015904200100018708200180019710000270021524500570024224600100029926400460030930000240035533600260037933700280040533800270043349000120046050000110047253000320048365000340051565500280054965500760057778701780065321993722OSt20260326100246.0210414s2018 ii 000 1 eng  a 2020334008 a9788130023823 bLibrary of Congress -- New Delhi Overseas Office aDLCbengerdacDLCdDLC alcode a823.92bMIS/S aMissal, Kevineauthor.10aSatyayoddha Kalki :bBrahmachakshus /cKevin Missal.30aKalki 1aKozhikode :bPoorna publications,c[2021] a416 pages ;c20 cm. atextbtxt2rdacontent aunmediatedbn2rdamedia avolumebnc2rdacarrier0 aKalki ; aNovel. aAlso available as an ebook. 0aKalki (Hindu deity)vFiction. 0aIndic fiction (English) 7aFiction.2lcgft0https://id.loc.gov/authorities/genreForms/gf20140263390 iSequel to work:aMissal, KevintDharmayoddha Kalk[i] : avatar of Vishnud[New Delhi] : Kalamos Literary Services LLP, 2017h470 pages ; 23 cmw(DLC)2017347230z9788193503300